000 01026cam a22003377a 4500
003 CHAP
005 20231109113550.0
008 971013s1991 it r 00010 spa d
010 _a5113
011 _a6085
035 _a5303
040 _cCHAP
090 _aFolleto 13493
110 0 _aPrograma Mundial de Alimentos (PMA)
_992330
245 1 0 _aActas de la reunión (10o.)
260 _aRoma :
_bFAO,
_c1991
300 _a44 p.
590 _aBATCH-UPD
_b10
_c20130110
_lUCH01
_h0856
590 _aBATCH-UPD
_b10
_c20130410
_lUCH01
_h0527
590 _aBATCH-UPD
_b10
_c20130914
_lUCH01
_h0118
590 _aCONVERSION
_b10
_c20130109
_lUCH01
_h1304
650 1 4 _aAlimentos
_xAbastecimiento.
650 1 4 _aAyuda alimentaria.
_99032
650 1 4 _aPolítica alimentaria.
_990389
710 0 _aFAO.
901 _aBK
942 _cFOLL
949 _aFolleto 13493
_bBC
_cFAO
_d-14874
_eFAO1
_i5303
_si
949 _aFolleto 13493
_bBC
_cFAO
_d-79982
_eFAO2
_fc.2
_i5303
_si
949 _aFolleto 13493
_bBC
_cFAO
_d-79983
_eFAO2
_fc.3
_i5303
_si
999 _c5113
_d5113